Normal view
MARC view
Entry Personal Name
001 - CONTROL NUMBER
- control field: 1542
003 - CONTROL NUMBER IDENTIFIER
- control field: dpl
005 - DATE AND TIME OF LATEST TRANSACTION
- control field: 20100726153614.0
008 - FIXED-LENGTH DATA ELEMENTS
- fixed length control field: 100726|||a|||||| | ||| d
040 ## - CATALOGING SOURCE
- Original cataloging agency: dpl
- Transcribing agency: dpl
100 ## - HEADING--PERSONAL NAME
- Personal name: सोनी, प्रियँका 'प्रीत'
670 ## - SOURCE DATA FOUND
- Source citation: Work cat.: (dpl): सोनी, प्रियँका 'प्रीत', छलकती महुआ:, 2009
670 ## - SOURCE DATA FOUND
- Source citation: Work cat.: (dpl): सोनी, प्रियँका 'प्रीत', छलकती महुआ:, 2009
